000 00386nam a2200145Ia 4500
008 230917s9999||||xx |||||||||||||| ||und||
040 _e195770
_aMAIN
041 _aEnglish
082 _a005.1 J199S
100 _aJain, Deepak
245 0 _aSofware engineering: Principles and practices
260 _aNew Delhi
_bOxford University Press
_c2009
300 _axii, 508 p.
942 _cBK
999 _c157931
_d157931